000 00433nam a2200169Ia 4500
999 _c4273
_d4273
020 _a81-241-0710-6
082 _a305.568 CHA-O
100 _aChaudhary, S.N.
245 0 _aOccupationally mobile scavengers
260 _aNew Delhi
_bHar-Anand Publications
_c2000
300 _a139
504 _aincludes index and refernces
650 _aRagpickers
650 _aOccupational mobility
_zIndia
650 _aScavengers
942 _cBK